书目信息 |
| 题名: |
应用型信息检索与利用
|
|
| 作者: | 吴章贵 主编 | |
| 分册: | ||
| 出版信息: | 北京 北京理工大学出版社 2022.7 |
|
| 页数: | 222页 | |
| 开本: | 26cm | |
| 丛书名: | ||
| 单 册: | ||
| 中图分类: | G254.9 | |
| 科图分类: | ||
| 主题词: | 信息检索--xin xi jian suo | |
| 电子资源: | ||
| ISBN: | 978-7-5682-6047-3 | |
| 000 | 00988nam0 2200253 45 | |
| 001 | 012001000846 | |
| 005 | 20141202085230.0 | |
| 010 | @a978-7-5682-6047-3@dCNY38.50 | |
| 099 | @aCAL 012018141270 | |
| 100 | @a20220905d2018 em y0chiy50 ea | |
| 101 | 0 | @achi |
| 102 | @aCN@b110000 | |
| 105 | @aa a 000yy | |
| 106 | @ar | |
| 200 | 1 | @a应用型信息检索与利用@Aying yong xing xin xi jian suo yu li yong@f主编吴章贵 |
| 210 | @a北京@c北京理工大学出版社@d2022.7 | |
| 215 | @a222页@c图@d26cm | |
| 320 | @a有书目 (第221-222页) | |
| 330 | @a本书以应用型教学改革为主线,避免传统教材重理论轻实践、重知识轻技能、重讲授轻自学的倾向,注重学生自学,以基础知识+案例教学+实际操作相结合的形式,以信息素养篇、信息资源篇、信息检索篇、信息利用篇、信息管理篇、信息评价篇等为主要内容,培养学生信息素养和信息检索与利用能力。 | |
| 606 | 0 | @a信息检索@Axin xi jian suo |
| 690 | @aG254.9@v5 | |
| 701 | 0 | @a吴章贵@AWu Zhanggui@4主编 |
| 801 | 0 | @aCN@bAHXH@c20221111 |
| 905 | @b1370059-61@dG254.9@e164@f3 | |
| 应用型信息检索与利用/主编吴章贵.-北京:北京理工大学出版社,2022.7 |
| 222页:图;26cm |
| ISBN 978-7-5682-6047-3:CNY38.50 |
| 本书以应用型教学改革为主线,避免传统教材重理论轻实践、重知识轻技能、重讲授轻自学的倾向,注重学生自学,以基础知识+案例教学+实际操作相结合的形式,以信息素养篇、信息资源篇、信息检索篇、信息利用篇、信息管理篇、信息评价篇等为主要内容,培养学生信息素养和信息检索与利用能力。 |
| ● |
| 相关链接 |
|
|
|
|
正题名:应用型信息检索与利用
索取号:G254.9/164
 
预约/预借
| 序号 | 登录号 | 条形码 | 馆藏地/架位号 | 状态 | 备注 |
| 1 | 1370059 | 213700592 | 第一样本阅览室/ [索取号:G254.9/164] | 在馆 | |
| 2 | 1370060 | 213700609 | 第四借阅区/ [索取号:G254.9/164] | 在馆 | |
| 3 | 1370061 | 213700618 | 第四借阅区/ [索取号:G254.9/164] | 在馆 |